| 000 | 00676nam a2200181 a 4500 | ||
|---|---|---|---|
| 001 | BRCA_1265 | ||
| 005 | 20190320203343.0 | ||
| 008 | 101105s1997----gt-a---###---#000-0#spa-d | ||
| 050 | 4 |
_aN7901 _b.A48 _c1997 |
|
| 100 | 1 |
_aÁlvarez Arévalo, Miguel _93943 |
|
| 245 | 1 | 0 |
_aJesús de la Merced de Panchoy a la Ermita 1655-1778 _cMiguel Álvarez Arévalo. |
| 260 |
_aGuatemala _bLa luz _c1997 |
||
| 300 |
_a42 p. _bil. _c21 cm. |
||
| 440 | 0 |
_aImágenes de Guatemala _vII _94167 |
|
| 500 | _aFotos: Museo Nacional de Historia. Se respeto la ortografía original de los siglos XVII-XVIII | ||
| 650 | 1 | 4 |
_aArte cristiano y simbolismo _xImágenes _y1655-1778 _zGuatemala _94168 |
| 942 |
_2lcc _cB |
||
| 999 |
_c1134 _d1134 |
||